000 00409nam a2200097Ia 4500
008 180130s9999 xx 000 0 und d
245 _cKahonge, Andrew Mwaura; Okello-Odongo, William; Miriti, Evans K.; Abade, Elisha
_aWeb security and log management: an application centric perspective
260 _c2015
300 _aBook title: Cyber security--Acession number C20544; pages 121-132
650 _aCYBER SECURITY
999 _c354212
_d354212